Т. 77, № 3; Коллоидный журнал

Detalles Bibliográficos
Parent link:Коллоидный журнал: журнал физикохимии поверхностных явлений и дисперсных систем/ Российская академия наук (РАН), Отделение химии и наук о материалах РАН. Т. 77, № 3.— , 1935-1938, 1940-1941, 1947-
Lenguaje:ruso
Publicado: 2015
Formato: Libro
KOHA link:https://koha.lib.tpu.ru/cgi-bin/koha/opac-detail.pl?biblionumber=546863

MARC

LEADER 00000nam2a2200000 4500
001 546863
005 20231101120004.0
035 |a (RuTPU)RU\TPU\prd\238943 
090 |a 546863 
100 |a 20150615a19359999k y0rusy50 ca 
101 0 |a rus 
102 |a RU 
200 0 |a Т. 77, № 3 
210 |d 2015 
461 1 |0 (RuTPU)RU\TPU\prd\1529  |t Коллоидный журнал  |o журнал физикохимии поверхностных явлений и дисперсных систем  |f Российская академия наук (РАН), Отделение химии и наук о материалах РАН  |v Т. 77, № 3  |d 1935-1938, 1940-1941, 1947- 
801 0 |a RU  |b 63413507  |c 20010227  |g PSBO 
801 1 |a RU  |b 63413507  |c 20150615 
801 2 |a RU  |b 63413507  |c 20201125  |g RCR 
942 |c BK 
999 |a НТБ_ТПУ  |b НФ  |e -1/20150112  |p П-3490  |s 6/20141120  |u 0,00  |v 1